Historical Empires - Statistics

General Stats
  • This quiz has been taken 40 times
  • The average score is 19 of 25
Answer Stats
Hint Empire % Correct
1) Italian empire ruled by Caesar,Augustus, Caligula, etc Roman
100%
15) Vast empire ruled by the fearsome Genghis Khan Mongol
97%
4) Ruled Turkey for over 600 years andexpanded to North Africa and the Middle East Ottoman
97%
3) Ruled most of the world but lost thecolonies to America in the Revolutionary War British
95%
9) Ruled Mexico with its capital at Tenochtitlan forcenturies Aztec
92%
5) The "Eastern" part of #1, had its capitalat Constantinople Byzantine
92%
19) Ruled by the pharaohs like Cleopatra and King Tut Egyptian
89%
25) Vast empire that controlled much of the Pacific and foughtin WW2 until its defeat Japanese
89%
16) Founded by Cyrus the Great in modern day Iran Persian
89%
13) This empire was ruled by Tsars such as Ivanand Nicholas Russian
89%
2) Alexander the Great conqueredfrom Greece to India with this empire Macedonian
86%
18) Conquered from western America to Mexicoto Central America and much of South America Spanish
86%
12) Among its city states were the powerful Athens and Sparta Greek
84%
24) Also called the First French Empire that expanded intocentral Europe, led by the famous general that bears his name Napoleon
78%
8) Short lived empire ruled by Hitler during WW2 Nazi
78%
20) Qin Shi Huang was one of its influential leaders Chinese
70%
22) Empire of nomadic people who expanded into centraland eastern Europe under the feared leader Attila Hun
70%
10) Had its capital at Cuzco high in the Andes Inca
70%
21) Centered high in the plateau of southern Chinawith its capital at Lhasa Tibet
57%
6) This western European empire was ruledby Clovis and later Charlemagne Frank
51%
11) Ruled much of SE Asia, with its capital at Angkor in modern day Cambodia Khmer
49%
7) This empire, ruled by Hannibal, crossed theAlps to surprise the Romans Carthaginian
43%
14) Powerful empire that had its capital at Agra Mughal
43%
23) This empire rose to power and expanded from theMiddle East into North Africa after the death of Muhammad Umayyad
38%
17) Early Mesopotamian empire founded by Sargonthe Great Akkadian
30%
No matching quizzes found
Score Distribution
Percent of People with Each Score
Percentile by Number Answered
Your Score History
You have not taken this quiz